[Event "4NCL 2009-10"]
[Site "Sunningdale ENG"]
[Date "2010.02.21"]
[Round "6"]
[White "Coleman,D"]
[Black "Eckersley Waites,A"]
[Result "0-1"]
[WhiteElo "2244"]
[BlackElo "2197"]
[EventDate "2009.10.24"]

1. e4 c5 2. Nf3 d6 3. d4 cxd4 4. Nxd4 Nf6 5. Nc3 g6 6. Bb5+ Bd7 7. Bg5 Bg7
8. Qe2 O-O 9. O-O-O a6 10. Bxd7 Nbxd7 11. h4 h6 12. Bxf6 Nxf6 13. g4 h5 14.
gxh5 Nxh5 15. Qg4 Qc8 16. Nf5 Kh7 17. Rdg1 Nf6 18. Qg2 Nxe4 19. h5 Qxf5 20.
hxg6+ Kg8 21. gxf7+ Rxf7 22. Nxe4 Rc8 23. Kb1 Qe5 24. c3 Rc4 25. Ng5 Rff4
26. Ne6 Rg4 27. Nxg7 Rxg2 0-1

[Event "4NCL 2009-10"]
[Site "Sunningdale ENG"]
[Date "2010.02.21"]
[Round "6"]
[White "Chevannes,S"]
[Black "Regan,N"]
[Result "1-0"]
[WhiteElo "2062"]
[BlackElo "2170"]
[EventDate "2009.10.24"]

1. d4 Nf6 2. Nf3 d5 3. e3 Bf5 4. c4 c6 5. Nc3 e6 6. Be2 Nbd7 7. O-O dxc4 8.
Bxc4 Be7 9. Re1 O-O 10. h3 h6 11. e4 Bh7 12. e5 Ne8 13. Ne4 c5 14. Bf4 Nb6
15. Bf1 Nd5 16. Bg3 cxd4 17. a3 Ne3 18. fxe3 Bxe4 19. exd4 Bxf3 20. Qxf3
Qxd4+ 21. Bf2 Qxb2 22. Rab1 Qxa3 23. Qxb7 Bc5 24. Qxa8 Bxf2+ 25. Kxf2 Qc5+
26. Kg3 f6 27. Qe4 fxe5 28. Qxe5 Qf2+ 29. Kh2 Nf6 30. Qxe6+ Kh8 31. Qe3 Qh4
32. Qg3 Qd4 33. Rbd1 Qb4 34. Qd6 1-0

[Event "4NCL 2009-10"]
[Site "Sunningdale ENG"]
[Date "2010.02.21"]
[Round "6"]
[White "Williams,Si1"]
[Black "Savage,B"]
[Result "1/2-1/2"]
[WhiteElo "2545"]
[BlackElo "2296"]
[EventDate "2009.10.24"]

1. c4 Nf6 2. Nf3 e6 3. d4 Bb4+ 4. Nbd2 b6 5. a3 Bxd2+ 6. Nxd2 Bb7 7. e3 d6
8. Bd3 c5 9. dxc5 dxc5 10. Qc2 Nbd7 11. b3 Bxg2 12. Rg1 Bc6 13. Bb2 g6 14.
Ne4 Rg8 15. O-O-O Nxe4 16. Bxe4 Qc7 17. Bxc6 Qxc6 18. Rd3 O-O-O 19. b4 Nb8
20. Rb3 Rd7 21. f4 Rb7 22. e4 Rd8 23. Bf6 Rd6 24. Be5 Rd8 25. Bf6 1/2-1/2

[Event "4NCL 2009-10"]
[Site "Sunningdale ENG"]
[Date "2010.02.21"]
[Round "6"]
[White "White,Mi"]
[Black "Cooley,C"]
[Result "0-1"]
[WhiteElo "2227"]
[BlackElo "2265"]
[EventDate "2009.10.24"]

1. e4 c6 2. d4 d5 3. exd5 cxd5 4. c4 Nf6 5. Nc3 Nc6 6. Bg5 e6 7. Nf3 Be7 8.
c5 Ne4 9. Bxe7 Qxe7 10. Bb5 O-O 11. O-O Bd7 12. Re1 Nxc3 13. bxc3 Rfc8 14.
Rb1 b6 15. Ba6 Rc7 16. cxb6 axb6 17. Rxb6 Qa3 18. Bb7 Rb8 19. Qb1 Qa7 20.
Ng5 g6 21. Bxc6 Rxb6 0-1

[Event "4NCL 2009-10"]
[Site "Sunningdale ENG"]
[Date "2010.02.21"]
[Round "6"]
[White "Mack,A"]
[Black "Rawlinson,A"]
[Result "1/2-1/2"]
[WhiteElo "2237"]
[BlackElo "2207"]
[EventDate "2009.10.24"]

1. e4 c5 2. Nf3 e6 3. b3 d6 4. Bb5+ Nd7 5. O-O a6 6. Bxd7+ Bxd7 7. Bb2 Nf6
8. Re1 e5 9. c3 Bc6 10. d4 Qc7 11. dxe5 dxe5 12. c4 Bd6 13. Nc3 O-O 14. Nd5
Bxd5 15. cxd5 Nd7 16. Nh4 f6 17. Rc1 a5 18. Nf5 g6 19. Qg4 Kh8 20. Nh4 Rg8
21. Re3 Nf8 22. f4 Re8 23. fxe5 Bxe5 24. Bxe5 Qxe5 25. Qe2 1/2-1/2

[Event "4NCL 2009-10"]
[Site "Sunningdale ENG"]
[Date "2010.02.21"]
[Round "6"]
[White "Shaw,D"]
[Black "Harakis,A"]
[Result "1-0"]
[WhiteElo "2241"]
[BlackElo "2263"]
[EventDate "2009.10.24"]

1. e4 Nf6 2. e5 Nd5 3. d4 d6 4. c4 Nb6 5. exd6 exd6 6. Nc3 Nc6 7. Be3 Be7
8. b3 O-O 9. Be2 Re8 10. Nf3 Bg4 11. O-O Bf6 12. Rc1 d5 13. c5 Nc8 14. h3
Bh5 15. b4 a6 16. g4 Bg6 17. Qb3 Be4 18. Rfd1 Qd7 19. Ne5 Bxe5 20. dxe5 Qe6
21. f4 Nxe5 22. fxe5 Qxe5 23. Nxe4 Qxe4 24. Kf2 c6 25. Bf3 Qe5 26. Bg2 Ne7
27. Bd4 Qg5 28. Qe3 Qh4+ 29. Qg3 Qh6 30. Rc2 f5 31. Re2 f4 32. Qf3 Ng6 33.
Rde1 Rf8 34. Bf1 Qg5 35. Re6 Rad8 36. Bd3 Nh4 37. Qe2 Nf5 38. Bxf5 Rxf5 39.
gxf5 Qg3+ 40. Kf1 Qxh3+ 41. Kg1 1-0

[Event "4NCL 2009-10"]
[Site "Sunningdale ENG"]
[Date "2010.02.21"]
[Round "6"]
[White "Eckersley Waites,T"]
[Black "Naylor,J"]
[Result "1-0"]
[WhiteElo "2247"]
[BlackElo "2189"]
[EventDate "2009.10.24"]

1. d4 Nf6 2. c4 c5 3. d5 b5 4. cxb5 a6 5. bxa6 g6 6. Nc3 Bxa6 7. Nf3 d6 8.
g3 Bg7 9. Bg2 Nbd7 10. Rb1 Nb6 11. b3 O-O 12. O-O Bc8 13. Nh4 h6 14. Qc2
Qd7 15. Bb2 g5 16. Nf3 Qf5 17. e4 Qg6 18. Qd2 Nh5 19. Rfe1 f5 20. exf5 Bxf5
21. Ra1 Bg4 22. Re3 Nf4 23. gxf4 gxf4 24. Re6 Bxe6 25. dxe6 Qxe6 26. Re1
Qd7 27. Nd5 Nxd5 28. Qxd5+ Kh8 29. Bxg7+ Kxg7 30. Nh4 Rxa2 31. Bh3 1-0

[Event "4NCL 2009-10"]
[Site "Sunningdale ENG"]
[Date "2010.02.21"]
[Round "6"]
[White "Wilson,A"]
[Black "Tidman,S"]
[Result "1/2-1/2"]
[WhiteElo "2083"]
[BlackElo "2110"]
[EventDate "2009.10.24"]

1. e4 e6 2. b3 d5 3. Bb2 Ne7 4. exd5 exd5 5. Nf3 Nbc6 6. Bb5 a6 7. Bxc6+
Nxc6 8. Qe2+ Qe7 9. Qxe7+ Bxe7 10. Nc3 Be6 11. Ne2 O-O-O 12. Ned4 Nxd4 13.
Nxd4 Bd7 14. Nf3 f6 15. O-O-O Bc5 16. Nd4 Bd6 17. Rde1 Rhe8 18. h3 Re4 19.
d3 Ree8 20. Nf3 b6 21. Rxe8 Rxe8 22. Kd1 c5 23. Re1 Rxe1+ 24. Kxe1 Kc7 25.
Ke2 Be6 26. Nd2 b5 27. c4 Kb6 28. g4 h6 29. Ke3 bxc4 30. bxc4 Bc7 31. f4
Ka5 32. Ba3 Kb6 33. cxd5 Bxd5 34. Ne4 Bxa2 35. Bxc5+ Kc6 36. Bf8 Bb6+ 37.
d4 h5 38. Bxg7 hxg4 39. hxg4 f5 40. gxf5 Bc4 41. f6 Kd7 42. Ng5 Ke8 43. f5
a5 44. Ke4 Bf7 45. Nxf7 Kxf7 46. Kd3 a4 47. Kc3 a3 48. Kb3 Bxd4 49. Kxa3
1/2-1/2

[Event "4NCL 2009-10"]
[Site "Sunningdale ENG"]
[Date "2010.02.21"]
[Round "6"]
[White "King,D"]
[Black "Wells,P"]
[Result "1/2-1/2"]
[WhiteElo "2494"]
[BlackElo "2489"]
[EventDate "2009.10.24"]

1. e4 c5 2. Nc3 Nc6 3. g3 g6 4. Bg2 Bg7 5. d3 d6 6. Nge2 e5 7. Nd5 Nce7 8.
Nec3 h5 9. Be3 Bg4 10. Qd2 Qd7 11. f4 1/2-1/2

[Event "4NCL 2009-10"]
[Site "Sunningdale ENG"]
[Date "2010.02.21"]
[Round "6"]
[White "McNab,C"]
[Black "Berzinsh,R"]
[Result "1/2-1/2"]
[WhiteElo "2466"]
[BlackElo "2424"]
[EventDate "2009.10.24"]

1. c4 e6 2. Nf3 d5 3. b3 c5 4. e3 Nc6 5. g3 d4 6. exd4 cxd4 7. Bg2 Nf6 8.
O-O Bd6 9. d3 O-O 10. Ba3 Ne8 11. Bxd6 Nxd6 12. Re1 f6 13. Na3 e5 14. Qd2
Rb8 15. b4 b6 16. Nc2 b5 17. cxb5 Nxb5 18. a4 Nc3 19. Nfxd4 Nxd4 20. Qxc3
Nxc2 21. Qxc2 Rxb4 22. Qc5 a5 23. Bd5+ Kh8 24. Re4 Rb6 25. Re3 Qd6 26. Qxa5
Ra6 27. Qb5 Bd7 28. Qc4 Rc8 29. Qe4 Rxa4 30. Rxa4 Bxa4 31. Qxa4 Qxd5 32.
Qe4 Qxe4 1/2-1/2

[Event "4NCL 2009-10"]
[Site "Sunningdale ENG"]
[Date "2010.02.21"]
[Round "6"]
[White "Buckley,G"]
[Black "Palliser,R"]
[Result "0-1"]
[WhiteElo "2388"]
[BlackElo "2435"]
[EventDate "2009.10.24"]

1. d4 Nf6 2. c4 g6 3. Nc3 Bg7 4. e4 d6 5. Bd3 O-O 6. Nge2 Nc6 7. Bc2 e5 8.
d5 Nd4 9. Nxd4 exd4 10. Ne2 Ng4 11. O-O Ne5 12. Nxd4 Nxc4 13. Qd3 Ne5 14.
Qg3 c5 15. dxc6 bxc6 16. Bg5 Qb6 17. Rfd1 Nc4 18. Nf5 Bxf5 19. exf5 Qxb2
20. Rac1 d5 21. h4 Rfe8 22. Qf3 Qe5 23. h5 Qe2 24. fxg6 hxg6 25. Qxe2 Rxe2
26. Bd3 Rxa2 27. hxg6 Nb2 28. gxf7+ Kxf7 29. Rc2 Ra3 30. Be2 Nxd1 31. Bxd1
Ra1 32. Rd2 Rh8 33. g3 Bh6 34. Bxh6 Rxh6 35. Kg2 a5 36. Rd4 Ke6 37. Bb3 Rb1
38. Rd3 Rb2 39. g4 Rf6 40. Re3+ Kd6 0-1

[Event "4NCL 2009-10"]
[Site "Sunningdale ENG"]
[Date "2010.02.21"]
[Round "6"]
[White "Buckley,Si"]
[Black "Wall,G"]
[Result "1-0"]
[WhiteElo "2348"]
[BlackElo "2296"]
[EventDate "2009.10.24"]

1. c4 f5 2. Nc3 Nf6 3. d3 e5 4. g3 Bb4 5. Bd2 O-O 6. Bg2 d6 7. a3 Bxc3 8.
Bxc3 Qe8 9. Nf3 f4 10. gxf4 exf4 11. Qd2 Ng4 12. Rg1 Nc6 13. Bh1 Nge5 14.
Nxe5 Nxe5 15. O-O-O Rb8 16. e3 Bf5 17. exf4 Ng6 18. h4 h5 19. Bd5+ 1-0

[Event "4NCL 2009-10"]
[Site "Sunningdale ENG"]
[Date "2010.02.21"]
[Round "6"]
[White "Povah,N"]
[Black "Barrett,S"]
[Result "1-0"]
[WhiteElo "2336"]
[BlackElo "2212"]
[EventDate "2009.10.24"]

1. d4 Nf6 2. Nf3 g6 3. Nc3 d5 4. Bf4 Bg7 5. Qd2 Ne4 6. Nxe4 dxe4 7. Ne5 Be6
8. e3 Nd7 9. Nc4 Bxc4 10. Bxc4 e5 11. Bg3 Nb6 12. Bb3 exd4 13. exd4 Qxd4
14. Qxd4 Bxd4 15. c3 Bc5 16. Bxc7 O-O 17. Rd1 Rac8 18. Bf4 Rfe8 19. Ke2 Kg7
20. h4 h6 21. g4 Re7 22. g5 h5 23. Rh3 Nd7 24. Rd5 Bb6 25. Rh1 Bc7 26. Be3
Ne5 27. Bc5 Ree8 28. Rhd1 Nd3 29. Bd4+ Be5 30. Rd7 Rf8 31. Bxe5+ Nxe5 32.
Rxb7 a5 33. Rd4 Nd3 34. Bd5 Nf4+ 35. Kf1 Rcd8 36. Bxe4 Rxd4 37. cxd4 Rc8
38. f3 Rc4 39. d5 Rd4 40. Kf2 Rd1 41. Rb5 a4 42. a3 f5 43. gxf6+ Kxf6 44.
Ke3 Ng2+ 45. Ke2 Rc1 46. Kd2 Rc8 47. Rb6+ Ke5 48. Rxg6 Nxh4 49. Rg5+ Kf4
50. Rxh5 Nxf3+ 51. Bxf3 Kxf3 52. Rh4 Rd8 53. Rd4 Rb8 54. Kc3 1-0

[Event "4NCL 2009-10"]
[Site "Sunningdale ENG"]
[Date "2010.02.21"]
[Round "6"]
[White "Townsend,M"]
[Black "Anderton,M"]
[Result "1-0"]
[WhiteElo "2222"]
[BlackElo "2232"]
[EventDate "2009.10.24"]

1. d4 Nf6 2. c4 c5 3. Nf3 cxd4 4. Nxd4 e5 5. Nb5 d5 6. cxd5 Bc5 7. N5c3 O-O
8. g3 e4 9. Bg2 Re8 10. O-O Bf5 11. Bg5 Nbd7 12. Nd2 h6 13. Bxf6 Nxf6 14.
Nc4 a6 15. a4 Rc8 16. Ne3 Bg6 17. Bh3 Rc7 18. Qb3 Re5 19. Rad1 Rh5 20. Kg2
Rxh3 21. Kxh3 Bxe3 22. fxe3 Ng4 23. Kg2 Nxe3+ 24. Kg1 Nxf1 25. Kxf1 e3 26.
Qb6 Qe7 27. Kg1 Rd7 28. d6 Qe6 29. a5 Kh7 30. Qd4 f5 31. Na4 f4 32. Nc5 Qg4
33. Re1 Rxd6 34. Qxd6 f3 35. exf3 Qxf3 36. Qf4 1-0

[Event "4NCL 2009-10"]
[Site "Sunningdale ENG"]
[Date "2010.02.21"]
[Round "6"]
[White "Allinson,J"]
[Black "Gayson,P"]
[Result "1/2-1/2"]
[WhiteElo "2135"]
[BlackElo "2240"]
[EventDate "2009.10.24"]

1. d4 f5 2. Nf3 Nf6 3. g3 g6 4. Bg2 Bg7 5. O-O O-O 6. c4 d6 7. Nc3 c6 8.
Qd3 Na6 9. Bd2 Qe8 10. Rad1 e5 11. dxe5 dxe5 12. Qd6 e4 13. Nd4 Ng4 14. Nc2
Be6 15. f3 Ne5 16. b3 Rd8 17. Qa3 exf3 18. Bxf3 Qf7 19. Qc1 Rd7 20. Ne1
Rfd8 21. Ng2 1/2-1/2

[Event "4NCL 2009-10"]
[Site "Sunningdale ENG"]
[Date "2010.02.21"]
[Round "6"]
[White "Fidalgo Fernandez,L"]
[Black "Grigoryan Lyell,M"]
[Result "1/2-1/2"]
[WhiteElo "2115"]
[BlackElo "2122"]
[EventDate "2009.10.24"]

1. d4 d5 2. Nf3 c6 3. c4 dxc4 4. a4 e6 5. e3 Nf6 6. Nc3 b6 7. Bxc4 Ba6 8.
Qe2 Qc8 9. Ne5 Bb4 10. Bd2 Bxc4 11. Qxc4 a5 12. Nb5 Bxd2+ 13. Kxd2 O-O 14.
Rhc1 c5 15. Ke2 Na6 16. Nd3 Nd7 17. dxc5 Naxc5 18. Nxc5 Nxc5 19. Nd4 Rd8
20. b4 axb4 21. a5 b3 22. Rab1 Rxa5 23. Nxb3 Ra2+ 24. Kf1 Ra4 25. Qb5 Qa6
26. Nxc5 bxc5 27. Qxa6 Rxa6 28. Rxc5 Ra2 29. Rbc1 g6 30. R5c2 Rd2 1/2-1/2

[Event "4NCL 2009-10"]
[Site "Sunningdale ENG"]
[Date "2010.02.21"]
[Round "6"]
[White "Turner,Ma"]
[Black "Houska,Jo"]
[Result "1/2-1/2"]
[WhiteElo "2508"]
[BlackElo "2381"]
[EventDate "2009.10.24"]

1. e4 c6 2. d4 d5 3. Nc3 dxe4 4. Nxe4 Bf5 5. Ng3 Bg6 6. h4 h6 7. Nh3 e6 8.
Nf4 Bh7 9. Bc4 Nf6 10. c3 Nbd7 11. O-O Bd6 12. Bxe6 fxe6 13. Nxe6 Qa5 14.
Qb3 Qb5 15. Nxg7+ Kd8 16. Qxb5 cxb5 17. N3f5 Bxf5 18. Nxf5 Bf8 19. Re1 Rc8
20. Re2 Nd5 21. Bd2 Rc6 22. Rae1 Rf6 23. Re8+ Kc7 24. Ne3 Nxe3 25. R1xe3
Rh7 26. R3e6 Rhf7 27. f3 Rxe6 28. Rxe6 Rf6 29. Rxf6 Nxf6 30. Kf2 Kd7 31.
Ke2 Ke6 32. Kd3 h5 33. b3 a6 34. a4 bxa4 35. bxa4 b5 36. axb5 axb5 37. c4
bxc4+ 38. Kxc4 Bd6 39. g4 1/2-1/2

[Event "4NCL 2009-10"]
[Site "Sunningdale ENG"]
[Date "2010.02.21"]
[Round "6"]
[White "McDonald,N"]
[Black "Parker,J"]
[Result "1/2-1/2"]
[WhiteElo "2412"]
[BlackElo "2523"]
[EventDate "2009.10.24"]

1. e4 e5 2. Nf3 Nc6 3. Bb5 Nf6 4. O-O Nxe4 5. d4 Nd6 6. Bxc6 dxc6 7. dxe5
Nf5 8. Qxd8+ Kxd8 9. Nc3 Bd7 10. b3 Be7 11. Bb2 Ke8 12. Rad1 Rd8 13. Ne2 h5
14. c4 Bc8 15. Rxd8+ Bxd8 16. Ned4 c5 17. Nb5 Be6 18. Ba3 a6 19. Nc3 b6 20.
Ne4 Kd7 21. Bc1 Kc6 22. Rd1 Re8 23. h3 Be7 24. Bg5 1/2-1/2

[Event "4NCL 2009-10"]
[Site "Sunningdale ENG"]
[Date "2010.02.21"]
[Round "6"]
[White "D'Costa,L"]
[Black "Pein,M"]
[Result "1/2-1/2"]
[WhiteElo "2479"]
[BlackElo "2391"]
[EventDate "2009.10.24"]

1. e4 c5 2. Nf3 d6 3. d4 cxd4 4. Nxd4 Nf6 5. Nc3 a6 6. h3 e6 7. g4 b5 8.
Bg2 Bb7 9. g5 Nfd7 10. f4 Nc6 11. Be3 Rc8 12. O-O Nb6 13. f5 Nxd4 14. Qxd4
Nc4 15. fxe6 fxe6 16. Rae1 Nxe3 1/2-1/2

[Event "4NCL 2009-10"]
[Site "Sunningdale ENG"]
[Date "2010.02.21"]
[Round "6"]
[White "Sowray,P"]
[Black "Ferguson,M"]
[Result "1/2-1/2"]
[WhiteElo "2318"]
[BlackElo "2410"]
[EventDate "2009.10.24"]

1. e4 e5 2. Nf3 Nc6 3. d4 exd4 4. Nxd4 Nf6 5. Nxc6 bxc6 6. e5 Qe7 7. Qe2
Nd5 8. c4 Nb6 9. Nc3 Qe6 10. Qe4 g6 11. Bd3 Bg7 12. f4 O-O 13. O-O d5 14.
cxd5 cxd5 15. Qf3 f6 16. exf6 Qxf6 17. Be3 c6 18. Bc5 Re8 19. g4 Nd7 20. g5
Qf7 21. Bd6 Bd4+ 22. Kh1 Nc5 23. f5 Nxd3 24. Qxd3 Bxc3 25. fxg6 1/2-1/2

[Event "4NCL 2009-10"]
[Site "Sunningdale ENG"]
[Date "2010.02.21"]
[Round "6"]
[White "Cox,JohnJ"]
[Black "Moen,A"]
[Result "1-0"]
[WhiteElo "2378"]
[BlackElo "2317"]
[EventDate "2009.10.24"]

1. c4 c5 2. Nf3 Nf6 3. g3 d5 4. d4 e6 5. Bg2 Nc6 6. cxd5 exd5 7. O-O Be6 8.
Nc3 Be7 9. Bg5 h6 10. Bxf6 Bxf6 11. dxc5 O-O 12. Qd2 Rc8 13. Rfd1 Qe7 14.
Rac1 Rfd8 15. Nb5 d4 16. b4 Bd5 17. Nd6 Rb8 18. e4 Be6 19. Re1 Bg4 20. e5
Bxf3 21. exf6 Qxf6 22. Bxf3 Qxf3 23. b5 b6 24. bxc6 Qxc6 25. Nf5 Rb7 26.
Ne7+ Rxe7 27. Rxe7 bxc5 28. Qf4 Qd5 29. Rxc5 Qxa2 30. Rcc7 d3 31. Rxf7 Qa1+
32. Kg2 d2 33. Rxg7+ Qxg7 34. Rxg7+ 1-0

[Event "4NCL 2009-10"]
[Site "Sunningdale ENG"]
[Date "2010.02.21"]
[Round "6"]
[White "Briscoe,C"]
[Black "Devereaux,M"]
[Result "0-1"]
[WhiteElo "2232"]
[BlackElo "2387"]
[EventDate "2009.10.24"]

1. d4 d5 2. c4 e6 3. Nc3 c6 4. Nf3 Nf6 5. Bg5 Nbd7 6. e3 Qa5 7. cxd5 exd5
8. Bd3 Bb4 9. Qc2 O-O 10. O-O Re8 11. Na4 Bd6 12. Nh4 h6 13. Bf4 Bxf4 14.
exf4 Nf8 15. Nc5 Qc7 16. g3 b6 17. Nb3 Bb7 18. Rac1 Rac8 19. Rfe1 Ne6 20.
Bf5 Qd6 21. f3 Rc7 22. Qe2 Nf8 23. Qf2 Rce7 24. Re5 g6 25. Qd2 N6d7 26.
Bxd7 Nxd7 27. Rxe7 Qxe7 28. Kf2 Ba6 29. Re1 Qxe1+ 30. Qxe1 Rxe1 31. Kxe1
Kf8 32. Ng2 Ke7 33. Kd2 Kd6 34. Nc1 c5 35. Kc3 Nb8 36. Ne3 cxd4+ 0-1

[Event "4NCL 2009-10"]
[Site "Sunningdale ENG"]
[Date "2010.02.21"]
[Round "6"]
[White "Knott,S"]
[Black "McFarland,R"]
[Result "1-0"]
[WhiteElo "2348"]
[BlackElo "2215"]
[EventDate "2009.10.24"]

1. Nf3 Nf6 2. c4 c5 3. Nc3 Nc6 4. g3 g6 5. Bg2 Bg7 6. d4 cxd4 7. Nxd4 Nxd4
8. Qxd4 O-O 9. O-O d6 10. Qd3 Rb8 11. Bd2 Be6 12. Rac1 Qd7 13. b3 Bh3 14.
Bxh3 Qxh3 15. f3 Qd7 16. e4 a6 17. a4 Rfc8 18. Be3 Qd8 19. Ba7 Ra8 20. Bd4
Nd7 21. Bxg7 Kxg7 22. Rb1 a5 23. Kg2 Nc5 24. Qd4+ f6 25. Rfd1 Ra6 26. Qe3
Qf8 27. Nb5 Qf7 28. Rd5 h5 29. f4 Nd7 30. Rbd1 Kh7 31. f5 g5 32. h3 Qg8 33.
R5d2 Nc5 34. Rb1 Qf7 35. Nc3 Rg8 36. Nd5 Raa8 37. Rf2 Rac8 38. Re1 Rc6 39.
Kh2 Qe8 40. Qc3 Qd8 41. Re3 Ra6 42. Qe1 Rc6 43. Qd1 Qe8 44. Qd2 Qd8 45. Rf1
Rg7 46. e5 Nd7 47. exd6 exd6 48. Qe2 Ne5 49. Qxh5+ Kg8 50. Qe2 Rh7 51. Kg2
Kf7 52. Re4 Qh8 53. Rh1 Rc8 54. Nb6 Rd8 55. Qd2 1-0

[Event "4NCL 2009-10"]
[Site "Sunningdale ENG"]
[Date "2010.02.21"]
[Round "6"]
[White "Hegarty,S"]
[Black "Lauterbach,I"]
[Result "1/2-1/2"]
[WhiteElo "2096"]
[BlackElo "2163"]
[EventDate "2009.10.24"]

1. e4 e5 2. Bc4 Nf6 3. d3 c6 4. Nf3 d5 5. Bb3 Bd6 6. exd5 Nxd5 7. O-O O-O
8. Nbd2 a5 9. a4 Bc7 10. Nc4 Bg4 11. h3 Bxf3 12. Qxf3 Nd7 13. Be3 Nxe3 14.
Nxe3 Qf6 15. Qxf6 Nxf6 16. Rfe1 Nd7 17. Nf5 g6 18. Ng3 Nc5 19. Bc4 Rfe8 20.
Ne4 Nxe4 21. Rxe4 Kf8 22. Rh4 Kg7 23. Bxf7 Rf8 24. Bc4 b5 25. axb5 cxb5 26.
Bxb5 Rab8 27. Ba4 Rxb2 28. Bb3 Bb6 29. Kh1 Bxf2 30. Re4 Bd4 31. Rd1 Ra8 32.
Rf1 Rf8 33. Rd1 Ra8 34. Rf1 Rf8 1/2-1/2

[Event "4NCL 2009-10"]
[Site "Sunningdale ENG"]
[Date "2010.02.21"]
[Round "6"]
[White "Ansell,S"]
[Black "Cobb,J"]
[Result "1-0"]
[WhiteElo "2380"]
[BlackElo "2415"]
[EventDate "2009.10.24"]

1. e4 e6 2. d3 d5 3. Nd2 Nf6 4. Ngf3 Nc6 5. c3 e5 6. b4 a6 7. Be2 Bd6 8.
O-O O-O 9. Re1 Ne7 10. a3 Ng6 11. Bf1 c6 12. Bb2 Re8 13. Qc2 a5 14. g3 b6
15. Rad1 Qc7 16. Qb1 Ba6 17. Bg2 dxe4 18. dxe4 c5 19. Rc1 Qd7 20. bxa5 bxa5
21. Qa2 Rab8 22. Bf1 Bxf1 23. Kxf1 Qh3+ 24. Kg1 Ng4 25. Rb1 Re6 26. Qc4 Nf4
27. Qf1 Qxf1+ 28. Rxf1 Nd3 29. Nc4 Bc7 30. a4 Rb3 31. Nfd2 Nxb2 32. Rxb2
Rxc3 33. Rb7 Re7 34. Rfb1 h5 35. R1b5 h4 36. gxh4 Rd3 37. Rxc5 Bd6 38. Rc8+
Kh7 39. Rb3 Rd4 40. Nf3 Rd1+ 41. Kg2 Nf6 42. Ng5+ Kg6 43. Rg3 Nh5 44. Rc6
f6 45. Nxd6 Nxg3 46. hxg3 Ra1 47. Nf5 Ra7 48. Kh3 Ra8 49. Kg4 Rh8 50. Rc8
1-0

[Event "4NCL 2009-10"]
[Site "Sunningdale ENG"]
[Date "2010.02.21"]
[Round "6"]
[White "Cooper,J"]
[Black "Bates,Ri"]
[Result "1/2-1/2"]
[WhiteElo "2346"]
[BlackElo "2383"]
[EventDate "2009.10.24"]

1. c4 g6 2. g3 Bg7 3. Bg2 Nf6 4. Nc3 O-O 5. d3 d6 6. e4 c5 7. a3 Nc6 8. Rb1
a5 9. Nge2 Bd7 10. O-O Ne8 11. Be3 Nc7 12. d4 cxd4 13. Nxd4 Ne5 14. b3 a4
15. f4 Ng4 16. Bc1 e5 17. Nde2 exf4 18. gxf4 Ne6 19. Nd5 axb3 20. f5 Nc7
21. Nef4 Nf6 22. Nb6 Ra6 23. Rxb3 Bc6 24. Bb2 Nce8 25. c5 Nxe4 26. Bxg7
Nxg7 27. fxg6 fxg6 28. Bxe4 Bxe4 29. Qxd6 Bc6 30. h4 Ra5 31. Rd3 Qxd6 32.
cxd6 Raf5 33. d7 Bxd7 34. Nxd7 R8f7 35. Rd4 Ne6 36. Nxe6 Rxf1+ 37. Kg2
R1f2+ 38. Kg1 Rf1+ 39. Kg2 R1f2+ 1/2-1/2

[Event "4NCL 2009-10"]
[Site "Sunningdale ENG"]
[Date "2010.02.21"]
[Round "6"]
[White "Ledger,A"]
[Black "Morris,Ch"]
[Result "1-0"]
[WhiteElo "2431"]
[BlackElo "2189"]
[EventDate "2009.10.24"]

1. d4 d5 2. c4 e6 3. Nf3 c5 4. cxd5 exd5 5. g3 Nc6 6. Bg2 Nf6 7. O-O Be7 8.
Nc3 O-O 9. Bg5 cxd4 10. Nxd4 h6 11. Be3 Re8 12. Rc1 Bf8 13. Nxc6 bxc6 14.
Bd4 Bd7 15. e3 a5 16. Na4 Rb8 17. b3 Ba3 18. Rc2 Ne4 19. Qa1 f6 20. Rd1 Ng5
21. h4 Nf7 22. Bc5 Bxc5 23. Nxc5 Bf5 24. e4 Bg4 25. Rdd2 Ne5 26. Qc3 Rb5
27. f4 Nd7 28. Nxd7 Qxd7 29. a4 Qa7+ 30. Kh2 Rb6 31. exd5 Re1 32. dxc6 Rxc6
33. Rd8+ 1-0

[Event "4NCL 2009-10"]
[Site "Sunningdale ENG"]
[Date "2010.02.21"]
[Round "6"]
[White "Zeidler,S"]
[Black "Baker,CW"]
[Result "0-1"]
[WhiteElo "2221"]
[BlackElo "2357"]
[EventDate "2009.10.24"]

1. e4 d6 2. d4 Nf6 3. Nc3 g6 4. Bc4 Bg7 5. Qe2 Nc6 6. e5 Ng4 7. Bb5 O-O 8.
Bxc6 bxc6 9. h3 Nh6 10. Nf3 Rb8 11. Bf4 Rxb2 12. Qd2 Nf5 13. g4 dxe5 14.
Nxe5 Qxd4 15. O-O-O Rb4 16. Qxd4 Nxd4 17. Bh2 f6 18. a3 fxe5 19. axb4 Rxf2
20. Ne4 Rxc2+ 21. Kb1 Rc4 22. Kb2 Rxb4+ 23. Kc3 Rb3+ 24. Kd2 Rxh3 25. Bg3
Rxh1 26. Rxh1 Bxg4 27. Rb1 Nb5 28. Rb3 Be6 29. Rd3 Bd5 0-1

[Event "4NCL 2009-10"]
[Site "Sunningdale ENG"]
[Date "2010.02.21"]
[Round "6"]
[White "Webb,L"]
[Black "Redmond,J"]
[Result "1-0"]
[WhiteElo "2321"]
[BlackElo "2196"]
[EventDate "2009.10.24"]

1. e4 e6 2. d4 d5 3. e5 c5 4. c3 Nc6 5. Nf3 Bd7 6. Be2 Nge7 7. Na3 cxd4 8.
cxd4 Ng6 9. h4 Bb4+ 10. Kf1 f6 11. h5 Ngxe5 12. dxe5 fxe5 13. h6 g6 14. Bg5
Be7 15. Bxe7 Qxe7 16. Bb5 Qf6 17. Qd2 O-O 18. Qg5 e4 19. Qxf6 Rxf6 20. Bxc6
Bxc6 21. Ne5 Raf8 22. f3 Rf5 23. Nxc6 bxc6 24. Rc1 exf3 25. gxf3 Rxf3+ 26.
Ke1 Rf2 27. Rc2 Rxc2 28. Nxc2 c5 29. Rh3 Rb8 30. b3 Rf8 31. Rh4 Rf7 32. Ne3
Re7 33. Ke2 Rb7 34. Rf4 c4 35. bxc4 Rb2+ 36. Kf3 dxc4 37. Rxc4 Rb7 38. Kf4
Kf7 39. Ng4 g5+ 40. Kxg5 Rb5+ 41. Kh4 Kg6 42. Rc7 Rh5+ 43. Kg3 Ra5 44. Re7
Rxa2 45. Kh4 e5 46. Rg7+ Kf5 47. Rxh7 Ra1 48. Rf7+ Ke6 49. Rf6+ Ke7 50. Kg5
Rh1 51. Ra6 e4 52. Rxa7+ Ke6 53. h7 1-0

[Event "4NCL 2009-10"]
[Site "Sunningdale ENG"]
[Date "2010.02.21"]
[Round "6"]
[White "Ledger,S"]
[Black "Roberts,Dan"]
[Result "0-1"]
[WhiteElo "2106"]
[BlackElo "2067"]
[EventDate "2009.10.24"]

1. d4 Nf6 2. Bg5 b6 3. Bxf6 exf6 4. Nf3 Bb7 5. e3 f5 6. Be2 g6 7. c4 Bg7 8.
Nc3 O-O 9. Rc1 Be4 10. Nxe4 fxe4 11. Nd2 f5 12. O-O Nc6 13. c5 Qe7 14. Bc4+
Kh8 15. Bd5 b5 16. Qb3 Nxd4 17. exd4 c6 18. Bxe4 fxe4 19. Qe3 Rae8 20. Rce1
Qf6 21. Nb3 a5 22. Nxa5 Qxd4 23. Qxd4 Bxd4 24. Nb3 Bxb2 25. Re2 Bc3 26. Rc1
Bb4 27. Rd1 Rf7 28. Rd4 e3 29. Rxe3 Rxe3 30. fxe3 Be1 31. Rf4 Kg7 32. Kf1
Bc3 33. Ke2 Be5 34. Rxf7+ Kxf7 35. g3 Ke6 36. e4 h5 37. Kf3 g5 38. h3 Bc3
39. Ke3 Ke5 40. Nc1 Bd4+ 41. Kf3 Bxc5 42. Nd3+ Kd4 43. Nxc5 Kxc5 44. h4
gxh4 45. gxh4 Kd4 46. Kf4 c5 0-1

[Event "4NCL 2009-10"]
[Site "Sunningdale ENG"]
[Date "2010.02.21"]
[Round "6"]
[White "Wilson,Ju"]
[Black "Yurenok,M"]
[Result "1/2-1/2"]
[WhiteElo "1890"]
[BlackElo "1981"]
[EventDate "2009.10.24"]

1. d4 d5 2. c4 c6 3. Nc3 dxc4 4. e3 b5 5. a4 b4 6. Na2 e6 7. Bxc4 Nf6 8.
Nf3 Nbd7 9. O-O Be7 10. Bd2 a5 11. Nc1 O-O 12. Qc2 Ba6 13. Bxa6 Rxa6 14.
Nd3 Qb6 15. b3 c5 16. Rac1 cxd4 17. Nxd4 Ne4 18. Ne5 Ndf6 19. Be1 Bc5 20.
Nc4 Qb7 21. Nb5 Rc8 22. Qd3 Bf8 23. f3 Nc5 24. Qd1 Qd5 25. Qc2 Qd3 26. Qxd3
Nxd3 27. Rb1 Nc5 28. Nd2 Rd8 29. Rb2 Nd3 30. Rc2 Nxe1 31. Rxe1 Rd3 32. Kf2
g6 33. Nd4 Bh6 34. f4 Rc3 35. Ke2 Rxc2 36. Nxc2 Nd5 37. Nc4 Nc3+ 38. Kf3
1/2-1/2

[Event "4NCL 2009-10"]
[Site "Sunningdale ENG"]
[Date "2010.02.21"]
[Round "6"]
[White "Slaby,Je"]
[Black "Swanson,S"]
[Result "1-0"]
[WhiteElo "2463"]
[BlackElo "2263"]
[EventDate "2009.10.24"]

1. e4 g6 2. d4 Bg7 3. c3 d6 4. Bd3 e5 5. Nf3 Nc6 6. O-O Bg4 7. d5 Nce7 8.
c4 c5 9. Nc3 Nh6 10. a3 O-O 11. h3 Bd7 12. Rb1 f6 13. b4 b6 14. Bd2 Nf7 15.
bxc5 dxc5 16. a4 Nd6 17. a5 Qc7 18. Qe2 Rab8 19. axb6 axb6 20. Rb2 Ra8 21.
Nh2 f5 22. Rfb1 Ra6 23. Nf3 fxe4 24. Nxe4 Nef5 25. Nfg5 Nd4 26. Qd1 N6f5
27. Bc3 Qa7 28. Nxc5 bxc5 29. Rb7 Qa8 30. Rxd7 Ra7 31. Rxa7 Qxa7 32. Bxf5
gxf5 33. Bxd4 cxd4 34. Ne6 Rc8 35. Qh5 e4 36. Qxf5 e3 37. Ng5 exf2+ 38. Kh1
Re8 39. Qxh7+ Kf8 40. Ne6+ Rxe6 41. dxe6 1-0